Quizzes
Events
Quiz Creation
Community
Videos
Private Events
Remove Ads
Sign In
Join for FREE
Feedback
Dark Mode
Quiz Categories
Sports
Geography
Music
Movies
Television
Just For Fun
Miscellaneous
History
Literature
Language
Science
Gaming
Entertainment
Religion
Holiday
For Kids
Quiz Lab
Recent
Popular Today
Quiz Kudos Today
Editor Picks
Curator Picks
Quizzes by...
Day
Popularity
Type
Ratings
Length
Year
Community
Subscriptions
Recent Discussions
Orange Saloon
Badges
Playlists
Quests
Create
Leaderboards
Showdown
Live 5
Trivia Bingo
Activity
Puzzle Library
Sporcle Events
Private Events
Virtual Trivia
Globe League
Become a Host
Pub Owners
SporcleCon
Opinionation
Our Games
Videos
Blog
Mobile Apps
Partnerships
Remove Ads and Go Orange
Feedback
Music
Pop Music
The Beatles
Song
Album
Lyrics
Bands
Singers
Artist
Clip
Rock
Rap
Classical
Billboard
Country Music
Kpop
Taylor Swift
Music
Pop Music
The Beatles
Song
Album
Lyrics
Bands
Singers
Artist
Clip
Rock
Rap
Classical
Billboard
Country Music
Kpop
Taylor Swift
Random Quiz
Search Sporcle
×
Quiz Lab
Quiz Lab
Music
Lyrics
Type in answers that appear in a list
Type in answers that appear in a list
Classic
Best Score? Go Orange.
'Back in Time' (Huey Lewis) Lyrics Stats
Can you name the lyrics to 'Back in Time' by Huey Lewis and the News?
By
darkchrome
5m
112 Questions
657 Plays
657 Plays
657 Plays
Comments
Comments
Give Quiz Kudos
Give Quiz Kudos
-
- Ratings
hide this ad
More Info
Replay
Link that replays current quiz
Next Quiz
Link to next quiz in quiz playlist
You Got
0%
They Got
Avg Score
81%
Avg Friend Score
Upgrade to see
Score Distribution
Jump to the score distribution portion of the page
Score
0/112
Timer
05:00
0
Plays Today
% Correct
time?
99.1%
I
99.1%
I
99.1%
time.
99.1%
time.
99.1%
I
99.1%
time.
99.1%
time. (repeat 1x)
99.1%
time.
99.1%
time. (repeat 1x)
99.1%
back
98.5%
back
98.5%
back
98.5%
back
98.5%
back
98.5%
back
98.5%
back,
98.5%
back.
98.5%
back,
98.5%
in
97.9%
in
97.9%
in
97.9%
in
97.9%
in
97.9%
in
97.9%
do
93.3%
the
92.7%
the
92.7%
me,
91.6%
me
91.6%
me
91.6%
be
91.6%
be
91.6%
me
91.6%
me
91.6%
be
91.6%
me
91.6%
don't
88.4%
% Correct
Don't
88.4%
don't
88.4%
don't
88.4%
don't
88.4%
to
88.3%
we
86.9%
this
85.5%
this
85.5%
going
85.4%
where
84.2%
are
84.2%
you'd
83.9%
you
83.9%
Is
83.4%
take
83.1%
take
83.1%
Tell
81.9%
So
80.2%
So
80.2%
get
80.1%
get
80.1%
Get
80.1%
get
80.1%
Get
80.1%
get
80.1%
(Get
80.1%
and
79.9%
I'll
79.5%
I'll
79.5%
or
78.5%
away,
77%
away,
77%
doctor,
76.1%
Gotta
75.8%
Gotta
75.8%
Gotta
75.8%
mind,
75%
mind,
75%
% Correct
All
74.4%
my
74.1%
on
73.7%
1999?
73.2%
but
72.1%
but
72.1%
bet
72%
of
71.7%
50's,
71.2%
future
71.2%
your
70.5%
was
69.9%
never
69.6%
better
69.4%
Better
69.4%
better
69.4%
wanted
68.5%
strikes
66.7%
play
66.4%
twice.
66.2%
guitar
65.3%
dice.
65.3%
lightning
65%
roll
64.8%
sing.
63.2%
late
62.7%
remember,
61.8%
promise
59.8%
promise
59.8%
again.
59.5%
wanna
58.9%
Marty.)
56.9%
one
53.1%
Please
53.1%
drive
51.9%
eighty-eight,
47%
Quiz Playlist
Details
Report
Send in Message
Add To Playlist
More Info:
The repeat of the final verse has been omitted.
Classic:
Type in answers that appear in a list
Quiz Source
Last Updated: Jul 28, 2017
Quiz Scoreboard
CHALLENGE
Sign Up to Join the Scoreboard
Show All
Scores
Hide
Comments
May contain spoilers
Recently Published
9x9 Crossword: Cartoon Network
by jackfrog10
Miscellaneous
3m
College Basketball Coaching Resumes
by pancakes188
Sports
9m
Billboard Blitz: Fleetwood Mac
by CooCooCachoo
Music
15s
More to Explore
Quiz From the Vault
Featured Blog Post
Where Did the Easter Bunny Come From?
hide this ad
You Might Also Like...
Tags
Lyrics Quiz
1985
Back to the Future
future
Huey Lewis
Today's Top Quizzes in Music
Browse Music
hide this ad
Today's Top Quizzes in Lyrics
Browse Lyrics
Top Contributed Quizzes in Music
1
Taylor Swift All Songs (2024)
2
Guess the Artist- 70s Songs
3
7-to-1: Billboard Hot 100 #1 Hits of 2010s
4
Taylor Swift Logic Puzzle
5
Sorting Albums and Songs
6
KPOP LOGIC QUIZ
7
Guess the Taylor Swift song (Mystery Song)
8
Guess The Taylor Swift Lyrics Song #1
9
Billboard Blitz: ABBA
10
Billboard Blitz: The Beatles
Explore More
Trending Topics
Anime
Disney
Kpop
Harry Potter
Marvel
Crossword
NBA
Country
The Office
Pokémon
NFL
Puzzle
Song
Soccer
WWE
hide this ad
More By:
darkchrome
Quiz
Plays
Rating
Category
Featured
Created
#1 Hits Minefield (Clickable)
29,877
2.69
Music
May 6, 2012
The Campfire Song Song
9,626
4.73
Television
May 19, 2012
Movies by Restaurant
2,932
4.00
Movies
May 14, 2012
Disney Movies by Critical Contrast
1,725
4.33
Movies
May 12, 2012
NBA Players by Shoe Size
1,630
3.33
Sports
May 19, 2012
Go to Creator's Profile
Score Distribution
Quiz Creator Spotlight
darkchrome
Follow
Send a Message
Quizzes Created
-
Created Quiz Play Count
-
More By This Creator
Popular Quizzes Today
1
Find the US States - No Outlines Minefield
2
Find the Countries of Europe - No Outlines Minefield
3
The Countries of the World
4
Find the US States
5
Risky Map Clicking: Biggest States A-Z
6
US States
7
Popular People in 1961
8
Movies - When Are They Set?
More Music Quizzes
Bruno Mars, Anderson .Paak - Smokin Out The Window
Quiz Lab
Trending Quizzes
Risky Map Clicking: Least Populous States A-Z
1-10 Letter G Words
Risky Map Clicking: Next State Alphabetically
Adjectives in 80s TV Shows
The Seven Year Switch: Catherine
Recently Updated
Leaping Animals
pecheneg
Reality TV Shows (A-Z)
bhenderson79
Rickey Henderson's Hall of Fame Teammates
pecheneg
Champions League XIs: Arsenal
pecheneg
Quick Pick: Celebrities in WWE's Hall of Fame
aduchscher
A-Z Keypad Blitz II
pecheneg
Multiple Oscar Actors
pecheneg
Mystery Phrase Blitz: Oscar 'Best Actors'
pecheneg
F. Scott Fitzgerald Novels
LTH
Pick 3 Villains
ddd62291
Trending Topics
Anime
Kpop
Crossword
NBA
Marvel
Harry Potter
Disney
Pokémon
Puzzle
Song
NFL
Country
WWE
The Office
Soccer
Your Account Isn't Verified!
In order to create a playlist on Sporcle, you need to verify the email address you used during registration. Go to your
Sporcle Settings
to finish the process.
Report this User
Report this user for behavior that violates our
Community Guidelines
.
Details:
Send Report
Go to the Sporcle.com Mobile Site →
Comments